000 00394pab a2200169 454500
008 180718b2008 xxu||||| |||| 00| 0 eng d
100 _aAhmed, Zahid Shahab
245 _aThe cycle of violence in Pakistan
260 _c2008
300 _ap.106-12.
362 _aSpring
650 _aViolence - Pakistan
650 _aViolence
773 _aWorld Affairs
908 _aN
909 _a78814
999 _c78814
_d78814